Термический анализ работы ректификационной колонны; Изотопы: технологии, материалы и применение

Bibliographic Details
Parent link:Изотопы: технологии, материалы и применение.— 2020.— [С. 54-55]
Main Author: Дмитриев В. В.
Corporate Author: Национальный исследовательский Томский политехнический университет Инженерная школа ядерных технологий Отделение ядерно-топливного цикла
Other Authors: Видяев Д. Г. Дмитрий Геннадьевич (научный руководитель)
Summary:Заглавие с титульного экрана
Language:Russian
Published: 2020
Series:Применение изотопов в фундаментальных, прикладных физико-химических исследованиях и медицине. Получение изотопно-модифицированных материалов
Subjects:
Online Access:http://earchive.tpu.ru/handle/11683/63949
Format: Electronic Book Chapter
KOHA link:https://koha.lib.tpu.ru/cgi-bin/koha/opac-detail.pl?biblionumber=632371

MARC

LEADER 00000naa2a2200000 4500
001 632371
005 20231227143912.0
035 |a (RuTPU)RU\TPU\conf\34079 
035 |a RU\TPU\conf\34078 
090 |a 632371 
100 |a 20201119d2020 k y0rusy50 ca 
101 0 |a rus 
102 |a RU 
105 |a y z 101zy 
135 |a drgn ---uucaa 
181 0 |a i  
182 0 |a b 
200 1 |a Термический анализ работы ректификационной колонны  |f В. В. Дмитриев, Д. Г. Видяев  |g науч. рук. Д. Г. Видяев 
203 |a Текст  |c электронный 
225 1 |a Применение изотопов в фундаментальных, прикладных физико-химических исследованиях и медицине. Получение изотопно-модифицированных материалов 
300 |a Заглавие с титульного экрана 
320 |a [Библиогр.: с. 55 (2 назв.)] 
463 0 |0 (RuTPU)RU\TPU\conf\34043  |t Изотопы: технологии, материалы и применение  |o сборник тезисов докладов VI Международной научной конференции молодых ученых, аспирантов и студентов, г. Томск, 26-29 октября 2020 г.  |f Национальный исследовательский Томский политехнический университет (ТПУ)  |v [С. 54-55]  |d 2020 
610 1 |a электронный ресурс 
610 1 |a труды учёных ТПУ 
610 1 |a термический анализ 
610 1 |a ректификационные колонны 
610 1 |a ректификация 
610 1 |a тепловой обмен 
610 1 |a программное обеспечение 
700 1 |a Дмитриев  |b В. В. 
701 1 |a Видяев  |b Д. Г.  |c физик  |c доцент Томского политехнического университета, доктор технических наук  |f 1973-  |g Дмитрий Геннадьевич  |3 (RuTPU)RU\TPU\pers\28271  |9 13215 
702 1 |a Видяев  |b Д. Г.  |c физик  |c доцент Томского политехнического университета, доктор технических наук  |f 1973-  |g Дмитрий Геннадьевич  |4 727 
712 0 2 |a Национальный исследовательский Томский политехнический университет  |b Инженерная школа ядерных технологий  |b Отделение ядерно-топливного цикла  |3 (RuTPU)RU\TPU\col\23554 
801 2 |a RU  |b 63413507  |c 20201209  |g RCR 
856 4 |u http://earchive.tpu.ru/handle/11683/63949 
942 |c BK